000 00653nam a22001937a 4500
999 _c186991
_d186991
005 20220325112845.0
010 _aUR-11492
020 _c500.00
_a9788194178316
035 _aU-10047
037 _bDBAD/PUB
_a-
082 _a840.08
_2-
100 _aمحمد علی ا ثر
245 _aمعجم د کنيا ت(حصہ ا و ل )
_c محمد علی ا ثر
246 _bMoujam Dakaniyat (Part-1)(Urdu)
_aby Mohd.Ali Asar
260 _aHyderabad
_bAl-Ansar Publications
_c2020 ء
270 _aJamal Colony,Riyasat Nagar,
_bHyderabad
_e059
_k09391301192
_l-
300 _a568 ص
_c22 Cm(Hb)
942 _2ddc
_cUR
_h840.08
_mا ث ر